000 00940nam a22001937a 4500
005 20250113150345.0
010 _aHIN-129003
020 _a9789386470393
_c200.00
035 _aHN-101349
037 _bDBAD
082 _a
100 _aमिश्रा, देवेन्द्र कुमार
_976465
245 _aमुद्दे की राजनीति:
_cकहानी संग्रह/
_bदेवेन्द्र कुमार मिश्रा
250 _aप्रथम
260 _aजयपुर
_bबोधि प्रकाशन
_c2017
270 _aएफ-77, सेक्टर 9, रोड नं 11, करतारा इंडस्ट्रियल एरिया, बाईस गोदाम,
_bजयपुर
_e302006
_k0141-4041794
_mbodhiprakashan@gmail.com
300 _a208पृ.
_c21सेमी (अजिल्द)
942 _2ddc
_cHN
_h
_mमिश्रादे
999 _c207885
_d207885